| 000 | 00471nam a22001457a 4500 | ||
|---|---|---|---|
| 082 | _aP-170 | ||
| 100 |
_aCC 232 TC Qazi Javaid _947897 |
||
| 245 |
_aDeflection Based Quality Control System for Under Construction Pavements in Place of Density Tests _cCC 232 TC Qazi Javaid CC 186 TC Mazher |
||
| 260 |
_aRisalpur _bMCE _c23.4.2000 |
||
| 300 | _a87 p.: | ||
| 526 |
_a0 _b0 _c0 _dP_170 |
||
| 650 | _aProject | ||
| 700 |
_aDS Lt Col Muhammad Azim _947898 |
||
| 942 |
_2ddc _cBK |
||
| 999 |
_c550991 _d550991 |
||